000 00778nam a2200277 a 4500
001 37813
003 UkOxU
005 20211209052647.0
008 150728s1968 ii b i001 0 eng
035 _aBD-RjUL
035 _a(BD-RjUL) 37918
035 _a7532764
040 _aDLC
_cPCoR
_dNcRS
_d BD-RjUL
_beng
041 _aeng
082 _a658
_bGAT 1968
100 1 _aGrégoire, Roger,
_9117151
245 1 4 _aThe Teaching of Business Management /
_cRoger Grogore
260 _aDelhi :
_bThe universal Book and Stationary co. ,
_c1968.
300 _aviii, 348 p. ;
_c21 cm.
490 1 _aThe Teaching of Business Management.
504 _aIncludes index
650 0 _aBusiness Management
_9117152
942 _2ddc
_cBK
999 _c37813
_d37813